Combien de ville de la Lozère (48) connais-tu ? - Statistiques

Statistiques générales
  • Ce quiz a été pris 53 fois
  • Le résultat moyen est 17 sur 152
Statistiques - réponses
Code postal Ville % Correct
48008 Mende
96%
48100 Marvejols
78%
48300 Langogne
59%
48400 Florac Trois Rivières
52%
48500 La Canourgue
48%
48320 Ispagnac
44%
48200 Saint-Chély-d'Apcher
44%
48800 Villefort
44%
48260 Nasbinals
41%
48000 Badaroux
37%
48230 Chanac
37%
48000 Barjac
30%
48140 Le Malzieu-Ville
30%
48000 Saint-Étienne-du-Valdonnez
30%
48000 Balsièges
26%
48210 La Malène
26%
48120 Saint-Alban-sur-Limagnole
26%
48000 Chastel-Nouvel
22%
48110 Le Pompidou
22%
48150 Meyrueis
22%
48130 Peyre en Aubrac
22%
48400 Barre-des-Cévennes
19%
48170 Châteauneuf-de-Randon
19%
48210 Gorges du Tarn Causses
19%
48000 Lanuéjols
19%
48100 Le Buisson
19%
48160 Le Collet-de-Dèze
19%
48150 Le Rozier
19%
48100 Montrodat
19%
48330 Saint-Étienne-Vallée-Française
19%
48370 Saint-Germain-de-Calberte
19%
48700 Serverette
19%
48400 Bédouès-Cocurès
15%
48100 Bourgs sur Colagne
15%
48400 Cassagnas
15%
48190 Cubières
15%
48230 Cultures
15%
48310 Fournels
15%
48600 Grandrieu
15%
48150 Hures-la-Parade
15%
48400 Les Bondons
15%
48700 Monts-de-Randon
15%
48000 Pelouse
15%
48220 Pont de Montvert - Sud Mont Lozère
15%
48340 Saint-Germain-du-Teil
15%
48400 Vebron
15%
48200 Albaret-Sainte-Marie
11%
48190 Allenc
11%
48800 Altier
11%
48250 La Bastide-Puylaurent
11%
48140 Le Malzieu-Forain
11%
48250 Luc
11%
48190 Mont Lozère et Goulet
11%
48800 Prévenchères
11%
48400 Rousses
11%
48110 Sainte-Croix-Vallée-Française
11%
48110 Saint-Martin-de-Lansuscle
11%
48220 Vialas
11%
48200 Blavignac
7%
48000 Brenoux
7%
48190 Cubiérettes
7%
48400 Fraissinet-de-Fourques
7%
48140 Julianges
7%
48170 Laubert
7%
48260 Marchastel
7%
48170 Montbel
7%
48800 Pied-de-Borne
7%
48300 Pierrefiche
7%
48800 Pourcharesses
7%
48200 Rimeize
7%
48300 Rocles
7%
48000 Saint-Bauzile
7%
48160 Saint-Julien-des-Points
7%
48100 Saint-Léger-de-Peyre
7%
48140 Saint-Léger-du-Malzieu
7%
48160 Saint-Michel-de-Dèze
7%
48240 Saint-Privat-de-Vallongue
7%
48310 Termes
7%
48310 Albaret-le-Comtal
4%
48100 Antrenas
4%
48170 Arzenc-de-Randon
4%
48500 Banassac-Canilhac
4%
48400 Bassurels
4%
48310 Brion
4%
48400 Cans et Cévennes
4%
48190 Chadenet
4%
48170 Chaudeyrac
4%
48300 Cheylard-l'Évêque
4%
48230 Esclanèdes
4%
48100 Grèzes
4%
48310 La Fage-Montivernoux
4%
48200 La Fage-Saint-Julien
4%
48500 Laval-du-Tarn
4%
48000 Le Born
4%
48200 Les Bessons
4%
48700 Les Laubies
4%
48230 Les Salelles
4%
48500 Massegros Causses Gorges
4%
48110 Molezon
4%
48300 Naussac-Fontanes
4%
48310 Noalhac
4%
48100 Palhers
4%
48270 Prinsuéjols-Malbouzon
4%
48200 Prunières
4%
48240 Saint-André-de-Lancize
4%
48700 Saint-Denis-en-Margeride
4%
48300 Saint-Flour-de-Mercoire
4%
48700 Saint-Gal
4%
48170 Saint-Jean-la-Fouillouse
4%
48310 Saint-Juéry
4%
48200 Saint-Pierre-le-Vieux
4%
48340 Trélans
4%
48240 Ventalon en Cévennes
4%
48310 Arzenc-d'Apcher
0%
48600 Auroux
0%
48600 Bel-Air-Val-d'Ance
0%
48300 Chastanier
0%
48310 Chauchailles
0%
48140 Chaulhac
0%
48700 Fontans
0%
48110 Gabriac
0%
48100 Gabrias
0%
48150 Gatuzières
0%
48260 Grandvals
0%
48700 Lachamp-Ribennes
0%
48120 Lajo
0%
48600 La Panouse
0%
48500 La Tieule
0%
48340 Les Hermaux
0%
48200 Les Monts-Verts
0%
48100 Les Salces
0%
48210 Mas-Saint-Chély
0%
48110 Moissac-Vallée-Française
0%
48140 Paulhac-en-Margeride
0%
48260 Recoules-d'Aubrac
0%
48100 Recoules-de-Fumas
0%
48800 Saint-André-Capcèze
0%
48100 Saint-Bonnet-de-Chirac
0%
48600 Saint Bonnet-Laval
0%
48120 Sainte-Eulalie
0%
48190 Sainte-Hélène
0%
48170 Saint-Frézal-d'Albuges
0%
48160 Saint-Hilaire-de-Lavit
0%
48100 Saint-Laurent-de-Muret
0%
48310 Saint-Laurent-de-Veyrès
0%
48160 Saint-Martin-de-Boubaux
0%
48600 Saint-Paul-le-Froid
0%
48340 Saint-Pierre-de-Nogaret
0%
48150 Saint-Pierre-des-Tripiers
0%
48140 Saint-Privat-du-Fau
0%
48500 Saint-Saturnin
0%
48170 Saint-Sauveur-de-Ginestoux
0%
Aucun quiz correspondant
Distribution des résultats
% des personnes avec chaque résultat
Percentile par nombre de réponses
Votre historique - résultats
Vous n’avez pas pris ce quiz